00347nam a2200121Ia 4500008004100000041000800041082001600049100001800065245004500083260005400128300003000182365001300212240624s9999 xx 000 0 und d aeng a658.827 EDW aEDWARDS HELEN aCREATING PASSION BRANDS GETTING TO THE H c2010aNew DelhibKogan Page India Private limited axi, : 244 : p. : cm. ; 23 cRSb33.5